Fyzika pro přijímací zkoušky na vysokou školu /

Gespeichert in:
Bibliographische Detailangaben
Hauptverfasser: Houška, Antonín 1938- (VerfasserIn), Černý, Miroslav 1973- (VerfasserIn)
Format: Buch
Sprache:Tschechisch
Veröffentlicht: Brno : Vysoké učení technické v Brně - Nakladatelství VUTIUM, 2009
Ausgabe:2. vyd.
Schriftenreihe:Učební texty vysokých škol
Schlagworte:
ISBN:9788021440098
Online-Zugang: Volltext
Tags: Tag hinzufügen
Keine Tags, Fügen Sie den ersten Tag hinzu!

MARC

LEADER 00000nam a2200000 4500
003 SK-BrCVT
005 20220617224356.0
008 100722s2009 xr e ||||||cze d
020 |a 9788021440098 
035 |a CVTIDW0001771 
040 |b slo  |a CVTI SR  |e AACR2 
041 0 |a cze 
044 |a xr 
080 |a 53  |2 UDC-MRF 
080 |a 371.279.5/.6  |2 UDC-MRF 
100 1 |a Houška, Antonín  |4 aut  |d 1938- 
245 1 0 |a Fyzika pro přijímací zkoušky na vysokou školu /  |c Antonín Houška, Miroslav Černý 
250 |a 2. vyd. 
260 |a Brno :  |b Vysoké učení technické v Brně - Nakladatelství VUTIUM,  |c 2009 
300 |a 79 s. :  |b grafy, obr., tab. ; 
490 0 |a Učební texty vysokých škol 
500 |a Fakulta strojního inženýrství 
653 1 |a kinematika 
653 1 |a dynamika 
653 1 |a gravitačné pole 
653 1 |a mechanika tekutín 
653 1 |a optika 
653 1 |a elektromagnetická indukcia 
653 1 |a atómové jadro 
655 4 |a skriptá 
700 1 |a Černý, Miroslav  |4 aut  |d 1973- 
910 |a BA002  |b S611401 
919 |a 978-80-214-4009-8 
974 |a gabriela.miklankova  |f Knihy 
992 |a ASK 
999 |c 156962  |d 156962